[Event "LSS CP-2008-P-00041"]
[Site "LSS email"]
[Date "2008.10.01"]
[Round "?"]
[White "Laureles, Raymundo"]
[Black "Grabowski, Andrzej"]
[Result "1/2-1/2"]
[WhiteElo "1732"]
[BlackElo "2042"]
[PlyCount "42"]
[EventDate "2008.10.01"]
[EventType "tourn (corr)"]
[EventRounds "6"]
[EventCountry "GER"]
[SourceTitle "Corr 2013"]
[Source "ChessBase"]
[SourceDate "2012.11.12"]
[SourceVersion "1"]
[SourceVersionDate "2012.11.12"]
[SourceQuality "1"]
[WhiteTeam "US of America"]
[BlackTeam "US of America"]
[WhiteTeamCountry "USA"]
[BlackTeamCountry "USA"]

1. e4 c5 2. Nf3 d6 3. d4 cxd4 4. Nxd4 Nf6 5. Nc3 g6 6. Be3 Bg7 7. f3 Nc6 8. Qd2 0-0 9. Bc4 Bd7 10. 0-0-0 Rc8 11. Bb3 Na5 12. Bh6 Nxb3+ 13. axb3 Bxh6 14. Qxh6 Rc5 15. g4 Qb6 16. g5 Nh5 17. Nd5 Qd8 18. Ne2 Bc6 19. Ng3 Bxd5 20. Nxh5 gxh5 21. Rxd5 Qa5 1/2-1/2

[Event "LSS SA-2008-0-00029"]
[Site "LSS email"]
[Date "2008.09.24"]
[Round "?"]
[White "Grabowski, Andrzej"]
[Black "Lanin, Boris Aleksandrovic"]
[Result "1-0"]
[WhiteElo "2097"]
[BlackElo "1972"]
[PlyCount "75"]
[EventDate "2008.09.18"]
[EventType "tourn (corr)"]
[EventRounds "6"]
[EventCountry "GER"]
[SourceTitle "Corr 2011"]
[Source "ChessBase"]
[SourceDate "2010.08.31"]
[SourceVersion "1"]
[SourceVersionDate "2010.08.31"]
[SourceQuality "1"]

1. d4 d6 2. e4 Nf6 3. Nc3 g6 4. Nf3 Bg7 5. Be2 0-0 6. 0-0 Bg4 7. Be3 Nc6 8. Qd2 e5 9. d5 Ne7 10. a4 Bd7 11. Bg5 a6 12. Rfe1 Nh5 13. Nh4 f6 14. Be3 Nf4 15. Bxf4 exf4 16. h3 f5 17. Qxf4 c5 18. Qd2 f4 19. Nf3 h6 20. e5 dxe5 21. Bd3 Nf5 22. Nxe5 Nh4 23. Nxd7 Qxd7 24. Re6 Rad8 25. Rae1 g5 26. d6 Kh8 27. Qd1 f3 28. g3 c4 29. Bxc4 Nf5 30. Ne4 b5 31. axb5 axb5 32. g4 bxc4 33. gxf5 Rxf5 34. Ng3 Rf6 35. Qd5 Qf7 36. R1e5 Rxe6 37. Rxe6 Rd7 38. Nf5 1-0

[Event "LSS SA-2008-0-00028"]
[Site "LSS email"]
[Date "2008.09.13"]
[Round "?"]
[White "Grabowski, Andrzej"]
[Black "Soreghy, Janos"]
[Result "1-0"]
[WhiteElo "2097"]
[BlackElo "1891"]
[PlyCount "111"]
[EventDate "2008.09.09"]
[EventType "tourn (corr)"]
[EventRounds "6"]
[EventCountry "GER"]
[SourceTitle "Corr 2011"]
[Source "ChessBase"]
[SourceDate "2010.08.31"]
[SourceVersion "1"]
[SourceVersionDate "2010.08.31"]
[SourceQuality "1"]

1. d4 Nf6 2. c4 e6 3. Nf3 b6 4. g3 Ba6 5. Qa4 c6 6. Nc3 b5 7. cxb5 cxb5 8. Nxb5 Qb6 9. Nc3 Bb4 10. Bg2 0-0 11. 0-0 Bxc3 12. bxc3 Bxe2 13. Re1 Bb5 14. Qc2 d5 15. a4 Bc4 16. Ne5 Rc8 17. Rb1 Qa6 18. Bd2 Nbd7 19. Nxc4 Rxc4 20. Bf1 Qxa4 21. Qc1 Rcc8 22. Bb5 Qa2 23. Re2 Qa5 24. c4 Qd8 25. c5 Nb8 26. f3 Nc6 27. Qc3 Nd7 28. Bf4 a5 29. Ba4 Qf6 30. Rd1 Nf8 31. Rb2 Ng6 32. Bd6 Nge7 33. Rb6 Ra7 34. Kg2 h6 35. h4 Nb4 36. Bb8 Ra8 37. Be5 Qg6 38. Bd7 Rd8 39. c6 Kh7 40. Bc7 Rdc8 41. h5 Qxh5 42. Bd6 Nf5 43. c7 Qg6 44. Bxc8 Rxc8 45. Bf4 Nc2 46. Kf2 Nce3 47. Re1 Nc4 48. Rb8 Ne7 49. Qb3 e5 50. dxe5 Qe6 51. Rxc8 Nxc8 52. Qb1+ Kg8 53. Qb5 Kf8 54. Rd1 Qb6+ 55. Qxb6 N4xb6 56. Be3 1-0

[Event "LSS SA-2008-0-00028"]
[Site "LSS email"]
[Date "2008.09.12"]
[Round "?"]
[White "Grabowski, Andrzej"]
[Black "Weiss, Lester P"]
[Result "1-0"]
[WhiteElo "2111"]
[BlackElo "1978"]
[PlyCount "61"]
[EventDate "2008.09.09"]
[EventType "tourn (corr)"]
[EventRounds "6"]
[EventCountry "GER"]
[SourceTitle "Corr 2011"]
[Source "ChessBase"]
[SourceDate "2010.08.31"]
[SourceVersion "1"]
[SourceVersionDate "2010.08.31"]
[SourceQuality "1"]

1. e4 e5 2. Nf3 Nf6 3. Nxe5 d6 4. Nf3 Nxe4 5. d4 d5 6. Bd3 Nc6 7. 0-0 Be7 8. Re1 Bg4 9. c4 Nf6 10. Nc3 Bxf3 11. Qxf3 Nxd4 12. Qd1 Ne6 13. cxd5 Nxd5 14. Bb5+ c6 15. Nxd5 cxb5 16. Be3 0-0 17. Qb3 Bc5 18. Rad1 Bxe3 19. Rxe3 Qa5 20. Qc2 Rfe8 21. f4 b4 22. f5 Ng5 23. Ne7+ Kf8 24. Rde1 f6 25. Qe2 Qc5 26. Kh1 Red8 27. Qh5 h6 28. Qg4 Nf7 29. Ng6+ Kg8 30. Re7 Rac8 31. h3 1-0

[Event "LSS SA-2008-0-00028"]
[Site "LSS email"]
[Date "2008.09.11"]
[Round "?"]
[White "Grabowski, Andrzej"]
[Black "Shishkin, Victor A"]
[Result "1/2-1/2"]
[WhiteElo "2101"]
[BlackElo "2075"]
[PlyCount "93"]
[EventDate "2008.09.09"]
[EventType "tourn (corr)"]
[EventRounds "6"]
[EventCountry "GER"]
[SourceTitle "Corr 2011"]
[Source "ChessBase"]
[SourceDate "2010.08.31"]
[SourceVersion "1"]
[SourceVersionDate "2010.08.31"]
[SourceQuality "1"]

1. e4 c5 2. Nf3 e6 3. d4 cxd4 4. Nxd4 a6 5. Bd3 Nc6 6. Nxc6 dxc6 7. 0-0 Bd6 8. Nd2 e5 9. Nc4 Bc7 10. a4 Be6 11. b3 Nf6 12. Ba3 Bxc4 13. Bxc4 Qxd1 14. Raxd1 b5 15. Be2 h5 16. Bf3 g5 17. g3 Rh6 18. h3 g4 19. hxg4 hxg4 20. Be2 Rd8 21. Kg2 Rg6 22. Rxd8+ Bxd8 23. Bd3 Be7 24. Bb2 Nd7 25. Rh1 Bc5 26. Bc3 b4 27. Be1 a5 28. Rh7 Nf6 29. Rh8+ Rg8 30. Rxg8+ Nxg8 31. c3 Nf6 32. f3 Ke7 33. cxb4 Bxb4 34. Bxb4+ axb4 35. a5 Kd6 36. Bc4 Nh7 37. f4 f6 38. Be2 c5 39. Bxg4 c4 40. bxc4 b3 41. fxe5+ fxe5 42. Bd1 b2 43. Bc2 Ng5 44. g4 Ne6 45. Kf2 Kc6 46. Ke2 Kb7 47. Kd2 1/2-1/2

[Event "LSS RC-2008-0-00012"]
[Site "LSS email"]
[Date "2008.09.03"]
[Round "?"]
[White "Grabowski, Andrzej"]
[Black "Raluy Lopez, Marcos"]
[Result "1-0"]
[WhiteElo "2100"]
[BlackElo "1415"]
[PlyCount "38"]
[EventDate "2008.08.28"]
[EventType "tourn (corr)"]
[EventRounds "6"]
[EventCountry "GER"]
[SourceTitle "Corr 2013"]
[Source "ChessBase"]
[SourceDate "2012.11.12"]
[SourceVersion "1"]
[SourceVersionDate "2012.11.12"]
[SourceQuality "1"]

1. d4 d5 2. Nf3 Bf5 3. c4 e6 4. Nc3 Nc6 5. Bf4 Nf6 6. e3 Be7 7. Nh4 Bg6 8. Qb3 Bb4 9. Nxg6 hxg6 10. a3 Bxc3+ 11. bxc3 b6 12. Qa4 Qd7 13. c5 Ne7 14. Bb5 c6 15. Bd3 0-0 16. 0-0 b5 17. Qa6 Qc8 18. Qxc8 Rfxc8 19. a4 a5 1-0

[Event "LSS RC-2008-0-00012"]
[Site "LSS email"]
[Date "2008.09.03"]
[Round "?"]
[White "Grabowski, Andrzej"]
[Black "Traczewski, Wojciech"]
[Result "1-0"]
[WhiteElo "1665"]
[BlackElo "1765"]
[PlyCount "77"]
[EventDate "2008.08.28"]
[EventType "tourn (corr)"]
[EventRounds "6"]
[EventCountry "GER"]
[SourceTitle "Corr 2013"]
[Source "ChessBase"]
[SourceDate "2012.11.12"]
[SourceVersion "1"]
[SourceVersionDate "2012.11.12"]
[SourceQuality "1"]

1. e4 c5 2. Nf3 d6 3. d4 cxd4 4. Nxd4 Nf6 5. Nc3 a6 6. Be3 e5 7. Nb3 Be6 8. f3 Nbd7 9. Nd5 Nxd5 10. exd5 Bf5 11. h4 Rc8 12. Bd3 Bxd3 13. Qxd3 Be7 14. 0-0-0 0-0 15. Kb1 b5 16. g4 Nb6 17. Nd2 Nc4 18. Ne4 Nxe3 19. Qxe3 Rc4 20. g5 Qc7 21. c3 Qc8 22. h5 Qf5 23. Ka1 Rfc8 24. h6 g6 25. Rhe1 b4 26. cxb4 Rxb4 27. Rc1 Rd4 28. Rxc8+ Qxc8 29. Kb1 Rxd5 30. Qa7 Qd8 31. a4 Rd4 32. Rc1 Rxe4 33. fxe4 Bxg5 34. Rc7 Bxh6 35. Rxf7 Qc8 36. Rc7 Qg4 37. Qa8+ Bf8 38. Qd5+ Kh8 39. Ka2 1-0

[Event "LSS SB-2008-0-00011"]
[Site "LSS email"]
[Date "2008.05.11"]
[Round "?"]
[White "Jovanovic, Bratislav"]
[Black "Grabowski, Andrzej"]
[Result "1-0"]
[WhiteElo "2136"]
[BlackElo "2100"]
[PlyCount "67"]
[EventDate "2008.05.04"]
[EventType "tourn (corr)"]
[EventRounds "6"]
[EventCountry "GER"]
[SourceTitle "Corr 2013"]
[Source "ChessBase"]
[SourceDate "2012.11.12"]
[SourceVersion "1"]
[SourceVersionDate "2012.11.12"]
[SourceQuality "1"]
[WhiteTeam "US of America"]
[BlackTeam "US of America"]
[WhiteTeamCountry "USA"]
[BlackTeamCountry "USA"]

1. e4 c5 2. Nf3 d6 3. d4 cxd4 4. Nxd4 Nf6 5. Nc3 a6 6. Bc4 e6 7. Bb3 Be7 8. 0-0 Nc6 9. Be3 0-0 10. f4 Bd7 11. f5 e5 12. Nde2 Rc8 13. Nd5 Nxe4 14. Bb6 Qe8 15. Nec3 Nxc3 16. Nxc3 Kh8 17. Ne4 d5 18. Qxd5 Nb4 19. Qd2 Ba4 20. f6 gxf6 21. Nd6 Qc6 22. Nxc8 Rxc8 23. Bxa4 Qxa4 24. c3 Qc6 25. Be3 Rd8 26. Qe2 Nd5 27. Bh6 Rg8 28. Rad1 Rg6 29. Bc1 Bc5+ 30. Kh1 Ne7 31. Rf3 a5 32. Rd8+ Kg7 33. Rh3 h6 34. Bxh6+ 1-0

[Event "LSS BI-2008-P-00006"]
[Site "LSS email"]
[Date "2008.04.27"]
[Round "?"]
[White "Grabowski, Andrzej"]
[Black "Neil, Charles"]
[Result "1-0"]
[WhiteElo "1800"]
[BlackElo "638"]
[PlyCount "29"]
[EventDate "2008.04.27"]
[EventType "tourn (corr)"]
[EventRounds "10"]
[EventCountry "GER"]
[SourceTitle "Corr 2011"]
[Source "ChessBase"]
[SourceDate "2010.08.31"]
[SourceVersion "1"]
[SourceVersionDate "2010.08.31"]
[SourceQuality "1"]

1. e4 c5 2. Nf3 Nc6 3. d4 cxd4 4. Nxd4 Nf6 5. Nc3 e6 6. Nxc6 bxc6 7. Bd3 Qc7 8. 0-0 Bb4 9. Be3 d5 10. exd5 cxd5 11. Bd4 0-0 12. Bxf6 gxf6 13. Qg4+ Kh8 14. Qh4 Qe7 15. Qxh7# 1-0

[Event "IECG CB.2008.0.00179 email"]
[Site "IECG email"]
[Date "2008.02.03"]
[Round "?"]
[White "Ghinelli, Luigi"]
[Black "Grabowski, Andrzej"]
[Result "0-1"]
[WhiteElo "1800"]
[BlackElo "1800"]
[PlyCount "44"]
[EventDate "2008.02.03"]
[EventType "tourn (corr)"]
[EventRounds "6"]
[SourceTitle "Corr 2024"]
[Source "ChessBase"]
[SourceDate "2023.10.19"]
[SourceVersion "1"]
[SourceVersionDate "2023.10.19"]
[SourceQuality "1"]

1. b3 d5 2. Bb2 Nf6 3. e3 Bf5 4. f4 e6 5. Nf3 Nc6 6. Bb5 Bc5 7. Ne5 0-0 8. Nxc6 bxc6 9. Bxc6 Bg4 10. Qc1 Rb8 11. Be5 Bf5 12. c4 Rb6 13. cxd5 Ne4 14. 0-0 exd5 15. Ba4 Rg6 16. Nc3 Qh4 17. Qd1 Bh3 18. Nxe4 Rxg2+ 19. Kh1 dxe4 20. Qe1 Qg4 21. Rf2 Rd8 22. Bc3 Be7 0-1

[Event "IECG CB.2008.0.00179 email"]
[Site "IECG email"]
[Date "2008.02.03"]
[Round "?"]
[White "Pagano, Marcelo"]
[Black "Grabowski, Andrzej"]
[Result "0-1"]
[WhiteElo "1875"]
[BlackElo "1800"]
[PlyCount "56"]
[EventDate "2008.02.03"]
[EventType "tourn (corr)"]
[EventRounds "6"]
[SourceTitle "Corr 2024"]
[Source "ChessBase"]
[SourceDate "2023.10.19"]
[SourceVersion "1"]
[SourceVersionDate "2023.10.19"]
[SourceQuality "1"]

1. Nf3 d5 2. d4 c6 3. c4 Nf6 4. Nc3 e6 5. e3 Nbd7 6. Bd3 dxc4 7. Bxc4 b5 8. Bd3 a6 9. a4 Bb7 10. 0-0 b4 11. Ne4 c5 12. Nxf6+ Nxf6 13. dxc5 Bxc5 14. Qe2 Qc7 15. h3 h6 16. b3 Nd5 17. Nd2 Nc3 18. Qg4 0-0-0 19. Qc4 Rd7 20. Ne4 Be7 21. Nxc3 bxc3 22. Ba3 Bxa3 23. Rxa3 Qxc4 24. Bxc4 c2 25. b4 Rc7 26. Rc3 Kb8 27. Rc1 Be4 28. f3 Rd8 0-1

[Event "Wch U26"]
[Site "Odessa"]
[Date "1990.??.??"]
[Round "1"]
[White "Claesen, Pieter"]
[Black "Grabowski, Andrzej"]
[Result "1/2-1/2"]
[WhiteElo "2260"]
[BlackElo "2370"]
[PlyCount "126"]
[EventDate "1990.??.??"]
[EventType "swiss"]
[EventRounds "9"]
[EventCountry "URS"]
[SourceTitle "EXT 1997"]
[Source "ChessBase"]
[SourceDate "1996.11.15"]
[SourceVersion "1"]
[SourceVersionDate "1996.11.15"]
[SourceQuality "1"]

1. c4 e5 2. Nc3 Bb4 3. Nd5 Ba5 4. b4 c6 5. bxa5 cxd5 6. Nf3 d6 7. Qa4+ Nd7 8. Ba3 dxc4 9. Qxc4 Qf6 10. Qd5 Ne7 11. Qxd6 Qxd6 12. Bxd6 Nc6 13. e4 f6 14. a6 bxa6 15. Rc1 Bb7 16. Bc4 Nb6 17. 0-0 Kd7 18. Ba3 Na5 19. Be2 Rhc8 20. d4 Nac4 21. Bc5 exd4 22. Bxb6 Nxb6 23. Nxd4 Rxc1 24. Rxc1 Bxe4 25. Bg4+ Kd6 26. f3 Bg6 27. Rd1 Ke7 28. Re1+ Kf7 29. Be6+ Kf8 30. Bb3 Bf7 31. Ne6+ Kg8 32. Nc7 Rc8 33. Nxa6 Bxb3 34. axb3 Kf7 35. Kf2 Nd5 36. b4 Rc6 37. b5 Rb6 38. Rb1 Nc3 39. Rc1 Nxb5 40. Nc7 Nd4 41. Rd1 Rc6 42. Nd5 Rc2+ 43. Kg3 Ne2+ 44. Kh3 a5 45. g3 h5 46. Rb1 a4 47. Ne3 Rc7 48. Rb5 Re7 49. Nc2 Ng1+ 50. Kg2 Rc7 51. Kxg1 Rxc2 52. Ra5 Ra2 53. Rxh5 a3 54. Ra5 Ke6 55. h4 Kd6 56. g4 Kc6 57. f4 Kb6 58. Ra4 Kb5 59. Ra7 Kb4 60. Rb7+ Kc3 61. Ra7 Kd3 62. h5 Ke4 63. g5 Kxf4 1/2-1/2

[Event "Naleczow op"]
[Site "Naleczow"]
[Date "1989.??.??"]
[Round "?"]
[White "Grabowski, Andrzej"]
[Black "Hawelko, Marek"]
[Result "1/2-1/2"]
[WhiteElo "2340"]
[BlackElo "2455"]
[PlyCount "99"]
[EventDate "1989.??.??"]
[EventType "swiss"]
[EventRounds "11"]
[EventCountry "POL"]
[SourceTitle "EXT 1997"]
[Source "ChessBase"]
[SourceDate "1996.11.15"]
[SourceVersion "1"]
[SourceVersionDate "1996.11.15"]
[SourceQuality "1"]

1. e4 c5 2. Nf3 d6 3. d4 cxd4 4. Nxd4 Nf6 5. Nc3 g6 6. Be2 Bg7 7. 0-0 Nc6 8. Nb3 0-0 9. Be3 Be6 10. f4 Na5 11. f5 Bc4 12. Bd3 Bxd3 13. cxd3 d5 14. Nxa5 Qxa5 15. e5 d4 16. Bxd4 Nd7 17. f6 exf6 18. exf6 Bxf6 19. Bxf6 Qb6+ 20. Rf2 Nxf6 21. Qf3 Kg7 22. Raf1 Ng8 23. d4 Rae8 24. Qd5 Re6 25. Na4 Qd6 26. Qxd6 Rxd6 27. Nc5 b6 28. Ne4 Rd5 29. Rd1 Rfd8 30. Rfd2 Ne7 31. Nc3 R5d7 32. Kf2 Nf5 33. d5 Nd6 34. Re2 Rc8 35. Kf3 Kf8 36. Rd4 Re7 37. Rxe7 Kxe7 38. g4 Nc4 39. Nb5 Nxb2 40. Re4+ Kd7 41. Rf4 f5 42. gxf5 a6 43. Nd4 Nd3 44. Rh4 Kd6 45. Rxh7 gxf5 46. Nxf5+ Ke5 47. Ne3 Rf8+ 48. Ke2 Nf4+ 49. Kd2 Rd8 50. a4 1/2-1/2

[Event "Naleczow op"]
[Site "Naleczow"]
[Date "1989.??.??"]
[Round "?"]
[White "Matlak, Marek"]
[Black "Grabowski, Andrzej"]
[Result "1/2-1/2"]
[WhiteElo "2420"]
[BlackElo "2340"]
[PlyCount "72"]
[EventDate "1989.??.??"]
[EventType "swiss"]
[EventRounds "11"]
[EventCountry "POL"]
[SourceTitle "EXT 1997"]
[Source "ChessBase"]
[SourceDate "1996.11.15"]
[SourceVersion "1"]
[SourceVersionDate "1996.11.15"]
[SourceQuality "1"]

1. d4 Nf6 2. Nf3 g6 3. c3 Bg7 4. Bg5 c5 5. e3 b6 6. Nbd2 d6 7. Bc4 Nbd7 8. 0-0 h6 9. Bh4 0-0 10. h3 Nh5 11. Ne1 Bb7 12. Be2 Nhf6 13. Nef3 a6 14. a4 Re8 15. Qb1 Qc7 16. Rd1 Bc6 17. b4 cxd4 18. cxd4 b5 19. axb5 Bxb5 20. Rc1 Qb7 21. Nc4 Rac8 22. Qb2 Nb6 23. Nxb6 Qxb6 24. Bxb5 axb5 25. Bxf6 Bxf6 26. Nd2 Kg7 27. Rxc8 Rxc8 28. Rc1 Rxc1+ 29. Qxc1 Qb7 30. Qc2 Qa8 31. Ne4 Qa1+ 32. Kh2 Qa7 33. Qc3 Qa2 34. Qd3 Qa4 35. Qc3 Qa2 36. Qd3 Qa4 1/2-1/2

[Event "Warsaw Cup"]
[Site "Warsaw"]
[Date "1987.??.??"]
[Round "3"]
[White "Grabczewski, Romuald"]
[Black "Grabowski, Andrzej"]
[Result "0-1"]
[WhiteElo "2305"]
[BlackElo "2285"]
[PlyCount "71"]
[EventDate "1987.04.??"]
[EventType "swiss"]
[EventRounds "11"]
[EventCountry "POL"]
[SourceTitle "EXT 2001"]
[Source "ChessBase"]
[SourceDate "2000.11.22"]
[SourceVersion "1"]
[SourceVersionDate "2000.11.22"]
[SourceQuality "1"]

1. e4 e5 2. Nf3 Nc6 3. Bb5 a6 4. Ba4 Nf6 5. d4 exd4 6. 0-0 Be7 7. Re1 b5 8. e5 Nxe5 9. Rxe5 d6 10. Re1 bxa4 11. Nxd4 Bd7 12. Qf3 0-0 13. Nc6 Bxc6 14. Qxc6 Nd7 15. Nc3 Bf6 16. Nxa4 Bd4 17. Be3 Ne5 18. Qe4 Bxe3 19. Rxe3 f5 20. Qd5+ Kh8 21. f4 Ng4 22. Re2 Qh4 23. g3 Qh5 24. Nc3 Rab8 25. b3 Rbe8 26. Rae1 Re3 27. Qd2 Rf3 28. Nd5 Qh3 29. Re8 Rf1+ 30. Rxf1 Rxe8 31. Nxc7 Re4 32. Nd5 h5 33. Ra1 h4 34. Qg2 Qxg2+ 35. Kxg2 Re2+ 36. Kf3 0-1